Sistemas constructivos de madera sólida
שמור ב:
| מחבר ראשי: | |
|---|---|
| פורמט: | ספר |
| שפה: | ספרדית |
| יצא לאור: |
Concepción
Universidad del Bío-Bío
2008
|
| סדרה: | Construcción en Madera. Sistemas Constructivos
|
| נושאים: | |
| תגים: |
הוספת תג
אין תגיות, היה/י הראשונ/ה לתייג את הרשומה!
|
MARC
| LEADER | 00000cam a2200000 a 4500 | ||
|---|---|---|---|
| 001 | UCG7809 | ||
| 003 | CL-VaPUC | ||
| 005 | 20250423110331.0 | ||
| 008 | 110930e20080000CL |||||||||||||||||spa|d | ||
| 999 | |c 345550 |d 345548 | ||
| 020 | |a 9789567813636 | ||
| 040 | |c Pontificia Universidad Católica de Valparaíso | ||
| 082 | 0 | 4 | |a 694.1 HEM 2008 |2 21 |
| 100 | 0 | |a Hempel Holzapfel, Ricardo |9 558332 | |
| 245 | 1 | 0 | |a Sistemas constructivos de madera sólida |
| 260 | |a Concepción |b Universidad del Bío-Bío |c 2008 | ||
| 300 | |a 97 páginas | ||
| 490 | 0 | |a Construcción en Madera. Sistemas Constructivos | |
| 583 | |a last modification |c 20110930 12:00:00 |k Rodrigo Vera | ||
| 650 | 0 | |a Construcción en madera |9 547968 | |
| 650 | 0 | |a Diseño y construcción |9 260862 | |
| 650 | 0 | |a Materiales de construcción |9 260197 | |
| 650 | 0 | |a Madera |9 262357 | |
| 942 | |c BK |2 ddc | ||
| 945 | |d 20110930 00:00:00 |a cmena | ||
| 952 | |0 0 |1 0 |2 ddc |4 0 |6 694_100000000000000_HEM_2008 |7 0 |8 A |9 444419 |a BIBING |b BIBING |d 2019-11-22 |i 4791622 |o 694.1 HEM 2008 |p 4791622 |r 2025-01-20 |t 1 |w 2019-11-22 |y BK |k CCL | ||